Bolo raz jedno Česko-Slovensko

Bibliographic Details
Format: Article
Language:Slovak
PhysicalDescription:Fotogr. 3
Subjects:

MARC

LEADER 00000nab a2200000 a 4500
001 vtls000474028
003 SK-MaSNL
005 20260311224736.0
008 160115c xo 0 slo
015 |a SNBRB19rr/mm-uuuuu 
035 |a CL0474162 
040 |a SNKBUCL  |b slo  |c SNKBUCL  |e AACR2 
041 0 |a slo 
044 |a xo  |c SK 
080 |a 943.7  |2 1981 
245 0 0 |a Bolo raz jedno Česko-Slovensko 
300 |b Fotogr. 3 
651 7 |a Československo  |2 snkbucl  |9 21376 
655 7 |a články z novín a časopisov  |2 snkbucl  |9 267496 
773 0 |t Pravda  |g Roč. 2 (73), č. 307 (31. 12. 1992), s. 10 
850 |a Slovenská národná knižnica v Martine  |a MTA001 
852 |a SNK  |b KIS3GCP 
958 |a RK 
992 |a RBX 
999 |c 3261721  |d 3263651